Smartest Countries In The World - Statistics

General Stats
  • This quiz has been taken 302 times
  • The average score is 9 of 15
Answer Stats
Average IQ Country % Correct
104.10 China
95%
106.48 Japan
93%
102.35 South Korea
88%
100.74 Germany
80%
99.52 Canada
78%
99.24 Australia
70%
106.16 Taiwan
70%
105.89 Singapore
68%
101.23 Finland
67%
100.74 Netherlands
59%
99.87 Luxembourg
47%
101.07 Liechtenstein
35%
100.72 Estonia
31%
101.60 Belarus
22%
99.75 Cambodia
14%
No matching quizzes found
Score Distribution
Percent of People with Each Score
Percentile by Number Answered
Your Score History
You have not taken this quiz